Score 0/65 Timer 08:00
9 Plays Today
Decade Name % Correct
1960sNatalie
84.1%
1970sNatalie
84%
1980sNatalie
84%
1990sNatalie
84%
2000sNatalie
84%
1880sNancy
83.3%
1890sNancy
83.3%
1900sNancy
83.3%
1910sNancy
83.3%
1920sNancy
83.3%
1930sNancy
83.3%
1940sNancy
83.3%
1950sNancy
83.3%
1960sNancy
83.3%
1970sNancy
83.3%
1980sNancy
83.3%
1990sNancy
83.3%
1880sNora
76.1%
1890sNora
76.1%
1900sNora
76.1%
1910sNora
76.1%
1920sNora
76.1%
1940sNora
75.4%
1950sNora
75.4%
1960sNicole
74.3%
1970sNicole
74.3%
1980sNicole
74.3%
1990sNicole
74.3%
2000sNicole
74.3%
1900sNina
66.7%
1930sNina
66.7%
1960sNina
66.2%
1940sNina
66.2%
Decade Name % Correct
1950sNina
66.2%
1880sNellie
64.5%
1890sNellie
64.5%
1900sNellie
64.5%
1910sNellie
64.5%
1920sNellie
64.5%
1930sNellie
64.5%
1940sNellie
63.7%
1970sNatasha
54.7%
1980sNatasha
54.7%
1990sNatasha
54.7%
1910sNaomi
50%
1920sNaomi
50%
1930sNaomi
50%
2000sNaomi
50%
1990sNaomi
49.8%
2000sNatalia
48.4%
1950sNadine
46.6%
1910sNorma
46.3%
1920sNorma
46.3%
1930sNorma
46.3%
1940sNorma
46.3%
1950sNorma
46.3%
1960sNorma
46.3%
1970sNichole
32.9%
1980sNichole
32.9%
1880sNettie
30.7%
1890sNettie
30.7%
1900sNettie
30.7%
2000sNevaeh
22.4%
1880sNannie
17.8%
1890sNannie
17.8%

You're not logged in!

Compare scores with friends on all Sporcle quizzes.
OR
Log In

Sporcle TV

Today on Sporcle TV


Watch our educational content, quiz creation guides, and fun videos on Sporcle TV.

Show Comments

Extras

Top Quizzes Today


Score Distribution

Paid Content

Your Account Isn't Verified!

In order to create a playlist on Sporcle, you need to verify the email address you used during registration. Go to your Sporcle Settings to finish the process.

Report this User

Report this user for behavior that violates our Community Guidelines.

Details: